What's that rock or mineral? / (Record no. 172238)
[ view plain ]
| 000 -LEADER | |
|---|---|
| fixed length control field | 00826nam a22002657a 4500 |
| 003 - CONTROL NUMBER IDENTIFIER | |
| control field | OSt |
| 005 - DATE AND TIME OF LATEST TRANSACTION | |
| control field | 20251210152632.0 |
| 008 - FIXED-LENGTH DATA ELEMENTS--GENERAL INFORMATION | |
| fixed length control field | 250715b |||||||| |||| 00| 0 eng d |
| 020 ## - INTERNATIONAL STANDARD BOOK NUMBER | |
| International Standard Book Number | 9780241454985 (Paperback) |
| Terms of availability | USD 33.00 |
| 040 ## - CATALOGING SOURCE | |
| Original cataloging agency | NUST |
| Language of cataloging | eng |
| Transcribing agency | NUST |
| Modifying agency | NUST |
| Description conventions | rda |
| 050 ## - LIBRARY OF CONGRESS CALL NUMBER | |
| Classification number | QE432 JAC |
| 100 ## - MAIN ENTRY--PERSONAL NAME | |
| Personal name | Jackson, Tom |
| Relator term | Author |
| 245 ## - TITLE STATEMENT | |
| Title | What's that rock or mineral? / |
| Statement of responsibility, etc. | Tom Jackson. |
| 260 ## - PUBLICATION, DISTRIBUTION, ETC. | |
| Place of publication, distribution, etc. | London : |
| Name of publisher, distributor, etc. | Dorling Kindersley, |
| Date of publication, distribution, etc. | ©2014. |
| 300 ## - PHYSICAL DESCRIPTION | |
| Extent | 128 pages : |
| Other physical details | Illustrations ; |
| Dimensions | 19 cm. |
| 336 ## - CONTENT TYPE | |
| Source | rdacontent |
| Content type term | text |
| Content type code | txt |
| 337 ## - MEDIA TYPE | |
| Source | rdamedia |
| Media type term | unmediated |
| Media type code | n |
| 338 ## - CARRIER TYPE | |
| Source | rdacarrier |
| Carrier type term | volume |
| Carrier type code | nc |
| 504 ## - BIBLIOGRAPHY, ETC. NOTE | |
| Bibliography, etc. note | Includes index. |
| 650 ## - SUBJECT ADDED ENTRY--TOPICAL TERM | |
| Topical term or geographic name entry element | Minerals. |
| 650 ## - SUBJECT ADDED ENTRY--TOPICAL TERM | |
| Topical term or geographic name entry element | Minerals identification. |
| 650 ## - SUBJECT ADDED ENTRY--TOPICAL TERM | |
| Topical term or geographic name entry element | Rocks. |
| 650 ## - SUBJECT ADDED ENTRY--TOPICAL TERM | |
| Topical term or geographic name entry element | Rocks identification. |
| 942 ## - ADDED ENTRY ELEMENTS (KOHA) | |
| Source of classification or shelving scheme | Library of Congress Classification |
| Koha item type | Reference Material |
| Classification part | QE432 JAC |
| Call number prefix | QE |
| Call number suffix | JAC |
| Suppress in OPAC | No |
| Koha issues (borrowed), all copies | 1 |
| Withdrawn status | Lost status | Source of classification or shelving scheme | Damaged status | Not for loan | Collection | Home library | Current library | Shelving location | Date acquired | Source of acquisition | Cost, normal purchase price | Total Checkouts | Full call number | Barcode | Date last seen | Accession number | Cost, replacement price | Price effective from | Koha item type | Public note | Date last checked out |
|---|---|---|---|---|---|---|---|---|---|---|---|---|---|---|---|---|---|---|---|---|---|
| LCC | NFIC | MAIN | MAIN | REFERENCE | 07/15/2025 | Book Aid International | 33.00 | QE432 JAC | 92004053836 | 07/15/2025 | 60846 | 33.00 | 07/15/2025 | BOOKS | Donation | ||||||
| LCC | NFIC | MAIN | MAIN | REFERENCE | 07/15/2025 | Book Aid International | 33.00 | QE432 JAC | 92004053817 | 07/15/2025 | 60847 | 33.00 | 07/15/2025 | BOOKS | Donation | ||||||
| LCC | NFIC | MAIN | MAIN | GEN | 08/04/2025 | Book Aid International | 33.00 | 1 | QE432 JAC | 92004054411 | 08/04/2025 | 61279 | 33.00 | 08/04/2025 | BOOKS | Donation | 08/04/2025 |